[Event "Giraldilla de La Habana op"]
[Site "Havana"]
[Date "2018.08.01"]
[Round "7"]
[White "Torrez Uriarte, Reinier"]
[Black "Suarez Medina, Luis Antonio"]
[Result "1/2-1/2"]
[WhiteElo "2073"]
[BlackElo "2008"]
[PlyCount "47"]
[EventDate "2018.07.28"]
[EventType "swiss"]
[EventRounds "9"]
[EventCountry "CUB"]
[SourceTitle "EXT 2021"]
[Source "ChessBase"]
[SourceDate "2020.10.23"]
[SourceVersion "1"]
[SourceVersionDate "2020.10.23"]
[SourceQuality "1"]

1. e4 e5 2. Nf3 Nc6 3. Bb5 a6 4. Ba4 Nf6 5. d3 b5 6. Bb3 Bc5 7. 0-0 0-0 8. c3 d6 9. Nbd2 Bb6 10. h3 Ne7 11. Nh4 c6 12. Re1 Be6 13. Qf3 Qd7 14. Nf1 Ng6 15. Nf5 Bxf5 16. Qxf5 Qxf5 17. exf5 Ne7 18. g4 Nd7 19. Bg5 Rfe8 20. Rad1 d5 21. Ng3 f6 22. Bc1 Kh8 23. Re2 Ng8 24. Kg2 1/2-1/2